000 00354nam a2200145Ia 4500
008 231129s1983||||xx |||||||||||||| ||spa||
020 _a968-13-1297-X
040 _bspa
082 _aU813 S559e
100 _aShobin David
245 0 _aEl no nacido
260 _c1983
264 _aEdivisión
942 _2ddc
_cBKS
999 _c11875
_d11875